The Income approach to property valuation (Record no. 76457)

MARC details
000 -LEADER
fixed length control field 01050nam a2200205 a 4500
008 - FIXED-LENGTH DATA ELEMENTS--GENERAL INFORMATION
fixed length control field 120416s1979 ||||||||||||||||| || u
050 ## - LIBRARY OF CONGRESS CALL NUMBER
Classification number HD 596 Bau
100 ## - MAIN ENTRY--PERSONAL NAME
Personal name Baum, Andrew, 1953-
245 14 - TITLE STATEMENT
Title The Income approach to property valuation
250 ## - EDITION STATEMENT
Edition statement 2nd ed.
260 ## - PUBLICATION, DISTRIBUTION, ETC.
Place of publication, distribution, etc. London
Name of publisher, distributor, etc. Routledge and Kegan Paul
Date of publication, distribution, etc. [1979]
300 ## - PHYSICAL DESCRIPTION
Extent xii, 216 pages : illustrations
350 ## -
-- 0.00
650 ## - SUBJECT ADDED ENTRY--TOPICAL TERM
Topical term or geographic name entry element LAND
650 ## - SUBJECT ADDED ENTRY--TOPICAL TERM
Topical term or geographic name entry element PROPERTY VALUATION
995 ## -
-- MAIN LIBRARY OPEN ACCESS
-- 0.00
-- 707290
-- CBU-MAIN LIBRARY (Kitwe)
-- 4
-- 0.00
-- HD 596 Bau
-- 4
-- LOST
-- 707290
-- Main Library Open Access Collection
995 ## -
-- MAIN LIBRARY OPEN ACCESS
-- 0.00
-- 707289
-- CBU-MAIN LIBRARY (Kitwe)
-- 3
-- 0.00
-- HD 596 Bau
-- 3
-- LOST
-- 707289
-- Main Library Open Access Collection
995 ## -
-- BINDERY (DAMAGED)
-- 0.00
-- 707288
-- CBU-MAIN LIBRARY (Kitwe)
-- 1
-- 0.00
-- HD 596 Bau
-- 2
-- DAMAGED
-- 707288
-- Main Library Open Access Collection
995 ## -
-- BINDERY (DAMAGED)
-- 0.00
-- 707287
-- CBU-MAIN LIBRARY (Kitwe)
-- 2
-- 0.00
-- HD 596 Bau
-- 1
-- DAMAGED
-- 020343
-- Main Library Open Access Collection
999 ## -
-- 76457
-- 76457
Holdings
Withdrawn status Lost status Source of classification or shelving scheme Damaged status Not for loan Permanent Location Current Location Shelving location Date acquired Total Checkouts Full call number Barcode Date last seen Copy number Price effective from Koha item type
          CBU-MAIN LIBRARY, KITWE. CBU-MAIN LIBRARY, KITWE.   04/25/2023   HD 596 Bau 707290 04/25/2023 1 04/25/2023 MONOGRAPH
          CBU-MAIN LIBRARY, KITWE. CBU-MAIN LIBRARY, KITWE.   04/25/2023   HD 596 Bau 707289 04/25/2023 2 04/25/2023 MONOGRAPH
          CBU-MAIN LIBRARY, KITWE. CBU-MAIN LIBRARY, KITWE.   04/25/2023   HD 596 Bau 707288 04/25/2023 3 04/25/2023 MONOGRAPH
          CBU-MAIN LIBRARY, KITWE. CBU-MAIN LIBRARY, KITWE.   04/25/2023   HD 596 Bau 020343 04/25/2023 4 04/25/2023 MONOGRAPH